| 000 | 00643nam a22002057a 4500 | ||
|---|---|---|---|
| 003 | OSt | ||
| 005 | 20241115121839.0 | ||
| 008 | 241115s2007 mx ||||| |||| 00| 0 spa d | ||
| 020 | _a9789702608516 | ||
| 040 | _cbesoc | ||
| 100 | 1 |
_aWilson, Jerry D., _eautor |
|
| 245 | 1 | 0 |
_aFísica / _cJerry D. Wilson, Anthony J. Buffa, Bo Lou |
| 250 | _a6a ed. | ||
| 260 |
_aMéxico : _bPearson, _c2007 |
||
| 300 | _a818 p. | ||
| 505 | _aMecánica -- Termodinámica -- Oscilaciones y movimiento ondulatorio -- Electricidad y magnetismo -- Óptica -- Apéndices.- | ||
| 700 | 1 |
_aBuffa, Anthony J., _eautor |
|
| 700 | 1 |
_aLou, Bo, _eautor |
|
| 942 |
_2udc _cLPD _n0 |
||
| 999 |
_c378 _d378 |
||